Vocabulaire anglais "Companies"#2 - Statistiques

Statistiques générales
  • Ce quiz a été pris 17 fois
  • Le résultat moyen est 5 sur 14
Statistiques - réponses
Hint Réponse % Correct
le PDG the managing director
86%
une usine factory
79%
employé employee
64%
employeur employer
57%
le fondateur founder
50%
embaucher to hire
36%
une entreprise familiale family business
29%
licencier to fire
29%
une multinationale multinational
14%
prendre des décisions to make decisions
14%
le président (du conseil d'administration) chairman
7%
être responsable de to be responsible for
7%
présider to chair
7%
externaliser to outsource
0%
Aucun quiz correspondant
Distribution des résultats
% des personnes avec chaque résultat
Percentile par nombre de réponses
Votre historique - résultats
Vous n’avez pas pris ce quiz